[Event "Dortmund op-B"]
[Site "Dortmund"]
[Date "2009.07.09"]
[Round "6"]
[White "Grunwald, Guenther"]
[Black "Trinh, Khoa"]
[Result "1-0"]
[WhiteElo "1719"]
[BlackElo "1239"]
[PlyCount "112"]
[EventDate "2009.07.04"]
[EventType "swiss"]
[EventRounds "9"]
[EventCountry "GER"]
[SourceTitle "EXT 2012"]
[Source "ChessBase"]
[SourceDate "2011.11.24"]
[SourceVersion "1"]
[SourceVersionDate "2011.11.24"]
[SourceQuality "1"]

1. e4 e6 2. d4 d5 3. e5 c5 4. c3 Nc6 5. Nf3 Nh6 6. Bd3 cxd4 7. cxd4 f6 8. 0-0 Nf7 9. Re1 Nb4 10. a3 Nxd3 11. Qxd3 Be7 12. Nc3 0-0 13. h3 fxe5 14. Nxe5 Nxe5 15. Rxe5 Bf6 16. Re1 Qb6 17. Ne2 Bd7 18. Be3 Bb5 19. Qd2 Rac8 20. Nc3 Be8 21. Rec1 Bf7 22. Na4 Qd6 23. Bf4 e5 24. Bg3 Qe7 25. dxe5 Bg5 26. f4 Qxe5 27. Kh2 Bh6 28. Nc5 Qe7 29. Nd3 Bg6 30. Rxc8 Rxc8 31. Nb4 Rc5 32. Re1 Qd6 33. Re5 Bf7 34. Qd4 b6 35. Qd3 d4 36. Qa6 Rxe5 37. fxe5 Qe7 38. Nc6 Qd7 39. Nxd4 g6 40. e6 Bxe6 41. Nxe6 Qxe6 42. Qxa7 Be3 43. Qb8+ Kf7 44. Qc7+ Qe7 45. Qxe7+ Kxe7 46. a4 Kd7 47. Be5 Bd2 48. g4 Kc6 49. Kg2 Kc5 50. Kf3 Kb4 51. Bc7 Kxa4 52. Bxb6 Kb5 53. Be3 Bb4 54. Ke4 Kc6 55. Ke5 Kd7 56. Kf6 Bf8 1-0

[Event "Dortmund op-B"]
[Site "Dortmund"]
[Date "2009.07.08"]
[Round "5"]
[White "Schwerdtfeger, Lukas"]
[Black "Trinh, Khoa"]
[Result "0-1"]
[WhiteElo "968"]
[BlackElo "1239"]
[PlyCount "68"]
[EventDate "2009.07.04"]
[EventType "swiss"]
[EventRounds "9"]
[EventCountry "GER"]
[SourceTitle "EXT 2012"]
[Source "ChessBase"]
[SourceDate "2011.11.24"]
[SourceVersion "1"]
[SourceVersionDate "2011.11.24"]
[SourceQuality "1"]

1. e4 e6 2. d4 d5 3. exd5 exd5 4. Nf3 Bd6 5. g3 Nf6 6. Bg2 0-0 7. 0-0 Bg4 8. Qd3 Re8 9. Nc3 Qc8 10. Bg5 Nbd7 11. Rfe1 c6 12. h3 Bh5 13. Bxf6 Nxf6 14. Rxe8+ Qxe8 15. Re1 Qd7 16. Ng5 h6 17. Nf3 Bg6 18. Qd2 Ne4 19. Nxe4 Bxe4 20. Ne5 Qe7 21. Bxe4 dxe4 22. Rxe4 f6 23. Qe2 fxe5 24. dxe5 Re8 25. f3 Bxe5 26. f4 Bd4+ 27. Kf1 Qxe4 28. Qxe4 Rxe4 29. Kg2 Bxb2 30. Kf3 Ra4 31. g4 Rxa2 32. h4 Ba3 33. g5 Rxc2 34. gxh6 gxh6 0-1

[Event "Dortmund op-B"]
[Site "Dortmund"]
[Date "2009.07.06"]
[Round "3"]
[White "Kasanzew, Daniel"]
[Black "Trinh, Khoa"]
[Result "0-1"]
[WhiteElo "993"]
[BlackElo "1239"]
[PlyCount "58"]
[EventDate "2009.07.04"]
[EventType "swiss"]
[EventRounds "9"]
[EventCountry "GER"]
[SourceTitle "EXT 2012"]
[Source "ChessBase"]
[SourceDate "2011.11.24"]
[SourceVersion "1"]
[SourceVersionDate "2011.11.24"]
[SourceQuality "1"]

1. e4 e6 2. Nf3 d5 3. Nc3 Nf6 4. exd5 exd5 5. Be2 Bd6 6. g3 0-0 7. 0-0 Bh3 8. Re1 c6 9. Bf1 Qc8 10. Bxh3 Qxh3 11. Re2 Nbd7 12. Qf1 Qf5 13. Nd4 Qg4 14. Nb3 Rfe8 15. f3 Qf5 16. d3 Rxe2 17. Nxe2 Re8 18. g4 Qe6 19. Nbd4 Bc5 20. Kg2 Qe7 21. Bd2 Qd8 22. b4 Bd6 23. Qf2 Qb8 24. a3 Ne5 25. Nf5 Bc7 26. g5 Nfd7 27. Qh4 Ng6 28. Qg4 Rxe2+ 29. Kh3 Rxh2# 0-1